分省车牌-陕西&宁夏 Shaanxi&Ningxia Province license plate corresponding cities - Statistics

General Stats
  • This quiz has been taken 55 times
    49 since last reset
  • The average score is 13 of 15
Answer Stats
车牌 地市 % Correct
陕AU 西安市
100%
陕B 铜川市
100%
陕C 宝鸡市
100%
陕DV 咸阳市
100%
陕E 渭南市
96%
陕G 安康市
96%
陕F 汉中市
92%
陕K 榆林市
92%
陕H 商洛市
88%
陕J 延安市
88%
宁A 银川市
75%
宁B 石嘴山市
67%
宁D 固原市
67%
宁C 吴忠市
63%
宁E 中卫市
63%
No matching quizzes found
Score Distribution
Percent of People with Each Score
Percentile by Number Answered
Your Score History
You have not taken this quiz since the last reset